000 00540nam a2200181Ia 4500
001 19700
005 20260306172712.0
008 260306t2017||||xx |||||||||||||| ||spa||
041 _aESP
082 _a341
_bG23A
100 _aGarcía-Huidobro, Joaquín,
_eAUT
245 0 _aLa recepción de la doctrina aristotélica de lo justo natural y lo justo legal en los comentaristas medievales de la ética a Nicómaco
260 _c2017
300 _a214 páginas :
_c23 cm.
650 _aGEN
654 _aCDE
942 _cLIB
_dJUS
_fJUS
_2ddc
_n
999 _c19700
_d19700